[Event "HUN-chT2 9596"]
[Site "Hungary"]
[Date "1996.??.??"]
[Round "8"]
[White "Hradeczky, Tamas"]
[Black "Nemeth, Gabor"]
[Result "1-0"]
[WhiteElo "2245"]
[BlackElo "2250"]
[PlyCount "59"]
[EventDate "1995.??.??"]
[EventType "team"]
[EventRounds "11"]
[EventCountry "HUN"]
[SourceTitle "EXT 2000"]
[Source "ChessBase"]
[SourceDate "1999.11.16"]
[SourceVersion "1"]
[SourceVersionDate "1999.11.16"]
[SourceQuality "1"]

1. d4 d5 2. Nf3 Nf6 3. c4 e6 4. Nc3 Be7 5. Bg5 c6 6. Bxf6 Bxf6 7. e4 dxe4 8. Nxe4 0-0 9. Qd2 Nd7 10. 0-0-0 Qc7 11. Kb1 Rb8 12. Qe3 b5 13. c5 Be7 14. g4 e5 15. Ng3 Bf6 16. g5 exd4 17. Nxd4 Bxd4 18. Qxd4 Re8 19. Bg2 Ne5 20. Qd6 Qa5 21. Qd2 b4 22. Rhe1 Bg4 23. Rc1 Be6 24. b3 Red8 25. Qe3 Nd3 26. f4 g6 27. Ne4 Qa3 28. Nf6+ Kg7 29. Qe2 Bf5 30. Be4 1-0

[Event "Berze Memorial 7th"]
[Site "Godollo"]
[Date "1996.??.??"]
[Round "?"]
[White "Nemeth, Gabor"]
[Black "Blasko, Istvan"]
[Result "0-1"]
[WhiteElo "2250"]
[BlackElo "1995"]
[PlyCount "65"]
[EventDate "1996.??.??"]
[EventType "swiss"]
[EventRounds "9"]
[EventCountry "HUN"]
[SourceTitle "EXT 2004"]
[Source "ChessBase"]
[SourceDate "2003.11.25"]
[SourceVersion "1"]
[SourceVersionDate "2003.11.25"]
[SourceQuality "1"]

1. e4 e6 2. d4 d5 3. e5 c5 4. Nf3 Nc6 5. b3 cxd4 6. Nxd4 Nxe5 7. Bd3 Bd7 8. 0-0 Nf6 9. Bb2 Nxd3 10. Qxd3 Be7 11. Nd2 0-0 12. N2f3 Rc8 13. Rac1 Ne4 14. Ne5 Qc7 15. Nxd7 Qxd7 16. c4 Nc5 17. Qe2 e5 18. Nf3 f6 19. Rfd1 d4 20. b4 Ne6 21. a3 Nf4 22. Qe4 Qg4 23. Nxd4 Nh3+ 24. Kf1 Qxe4 25. Ne6 Nf4 26. Nxf4 Qxf4 27. c5 Qxh2 28. Rd2 Bxc5 29. bxc5 Qh1+ 30. Ke2 Qxg2 31. Rc3 Qe4+ 32. Kd1 Rfd8 33. c6 0-1

[Event "Berze Memorial 7th"]
[Site "Godollo"]
[Date "1996.??.??"]
[Round "?"]
[White "Smaraglay, Botond"]
[Black "Nemeth, Gabor"]
[Result "1/2-1/2"]
[WhiteElo "2080"]
[BlackElo "2250"]
[PlyCount "64"]
[EventDate "1996.??.??"]
[EventType "swiss"]
[EventRounds "9"]
[EventCountry "HUN"]
[SourceTitle "EXT 2004"]
[Source "ChessBase"]
[SourceDate "2003.11.25"]
[SourceVersion "1"]
[SourceVersionDate "2003.11.25"]
[SourceQuality "1"]

1. e4 c5 2. Nf3 Nc6 3. d4 cxd4 4. Nxd4 d6 5. Nc3 e6 6. Be2 Nf6 7. 0-0 Be7 8. Be3 0-0 9. f4 a6 10. Qe1 Qc7 11. Qg3 b5 12. Bf3 Bb7 13. Nxc6 Bxc6 14. e5 Ne8 15. Kh1 f5 16. exd6 Nxd6 17. Bxc6 Qxc6 18. Bd4 Bf6 19. Bxf6 Rxf6 20. Qf3 Rc8 21. a3 Nc4 22. Qxc6 Rxc6 23. Ra2 Ne3 24. Rf2 Rf8 25. Re2 Rd8 26. Ra1 Nd5 27. Nxd5 Rxd5 28. Kg1 Kf7 29. Rae1 Kf6 30. c3 h6 31. Kf2 g5 32. g3 Rcd6 1/2-1/2

[Event "Berze Memorial 7th"]
[Site "Godollo"]
[Date "1996.??.??"]
[Round "?"]
[White "Tessedik, Karoly"]
[Black "Nemeth, Gabor"]
[Result "1-0"]
[WhiteElo "1975"]
[BlackElo "2250"]
[PlyCount "97"]
[EventDate "1996.??.??"]
[EventType "swiss"]
[EventRounds "9"]
[EventCountry "HUN"]
[SourceTitle "EXT 2004"]
[Source "ChessBase"]
[SourceDate "2003.11.25"]
[SourceVersion "1"]
[SourceVersionDate "2003.11.25"]
[SourceQuality "1"]

1. d4 Nf6 2. c4 e6 3. Nf3 d6 4. Nc3 Be7 5. e3 b6 6. Bd3 Bb7 7. 0-0 Nbd7 8. e4 0-0 9. Re1 c5 10. d5 e5 11. Bd2 Re8 12. Ne2 Nf8 13. Ng3 Ng6 14. Nf5 Bc8 15. Nxe7+ Qxe7 16. h3 Bd7 17. Bg5 h6 18. Be3 Qd8 19. Qd2 Kf8 20. a3 Nh5 21. b4 Nhf4 22. b5 Qf6 23. a4 Nxh3+ 24. Kf1 Nhf4 25. Ra3 Bg4 26. Ng1 Qh4 27. f3 Bd7 28. Rea1 Nh5 29. Bf2 Ng3+ 30. Bxg3 Qxg3 31. Qf2 Qg5 32. a5 Rab8 33. axb6 axb6 34. Ra7 Red8 35. Ke1 Nf4 36. Bf1 Ng6 37. Rc7 Ra8 38. Qb2 Qe3+ 39. Ne2 Rxa1+ 40. Qxa1 Nf4 41. Qc3 Nd3+ 42. Kd1 Nf2+ 43. Kc2 Qg5 44. Rb7 Qe7 45. Rxb6 Ra8 46. Ra6 Rxa6 47. bxa6 Ba4+ 48. Kd2 Qc7 49. Qe3 1-0

[Event "HUN-chT2 9596"]
[Site "Hungary"]
[Date "1995.??.??"]
[Round "4"]
[White "Kiss, Gergely"]
[Black "Nemeth, Gabor"]
[Result "0-1"]
[WhiteElo "2255"]
[BlackElo "2250"]
[PlyCount "104"]
[EventDate "1995.??.??"]
[EventType "team"]
[EventRounds "11"]
[EventCountry "HUN"]
[SourceTitle "EXT 2000"]
[Source "ChessBase"]
[SourceDate "1999.11.16"]
[SourceVersion "1"]
[SourceVersionDate "1999.11.16"]
[SourceQuality "1"]

1. e4 c5 2. Nc3 Nc6 3. g3 e6 4. Bg2 Be7 5. d3 Nf6 6. f4 d6 7. Nf3 Qc7 8. 0-0 a6 9. h3 Nd4 10. Be3 Nxf3+ 11. Qxf3 Bd7 12. Rae1 Bc6 13. Qf2 0-0 14. g4 b5 15. f5 h6 16. Qg3 Nh7 17. Bxc5 Bb7 18. Ba3 b4 19. Bxb4 Qb6+ 20. Qf2 Qxb4 21. Ne2 Qd2 22. Ng3 Qxf2+ 23. Rxf2 d5 24. Kh2 dxe4 25. dxe4 Rad8 26. Bf1 Bc5 27. Rg2 Ng5 28. Ra1 Nxe4 29. Bxa6 Bxa6 30. Nxe4 Bd4 31. c3 Be5+ 32. Kg1 Bf4 33. Re1 e5 34. Nc5 Bc4 35. b3 Bd5 36. Rc2 Bc6 37. a4 Rd5 38. b4 Rfd8 39. a5 Rd1 40. Rxd1 Rxd1+ 41. Kf2 Rh1 42. Ke2 Rh2+ 43. Kd3 e4+ 44. Nxe4 Bxe4+ 45. Kxe4 Rxc2 46. Kxf4 Rxc3 47. Ke5 Rc4 48. Kd6 Rxb4 49. Kc6 Rb3 50. h4 Rb4 51. a6 Rxg4 52. Kb5 Rg1 0-1

[Event "HUN-chT2 9495"]
[Site "Hungary"]
[Date "1995.??.??"]
[Round "?"]
[White "Nemeth, Gabor"]
[Black "Magyar, Otto"]
[Result "0-1"]
[WhiteElo "2265"]
[BlackElo "2325"]
[PlyCount "58"]
[EventDate "1994.??.??"]
[EventType "team"]
[EventRounds "13"]
[EventCountry "HUN"]
[SourceTitle "EXT 1999"]
[Source "ChessBase"]
[SourceDate "1998.11.16"]
[SourceVersion "1"]
[SourceVersionDate "1998.11.16"]
[SourceQuality "1"]

1. d4 Nf6 2. Bg5 e6 3. c4 Bb4+ 4. Nc3 c5 5. d5 d6 6. g3 Bxc3+ 7. bxc3 e5 8. Qc2 h6 9. Bd2 e4 10. f3 Qe7 11. e3 exf3 12. Nxf3 Nbd7 13. Bd3 Ng4 14. 0-0 Nde5 15. Nxe5 Nxe5 16. Be2 0-0 17. e4 Bh3 18. Rf2 Rae8 19. Re1 Qd7 20. Rf4 Re7 21. Rh4 Ng6 22. Rh5 Rfe8 23. Bf3 Bg4 24. Bxg4 Qxg4 25. Rf5 Nh4 26. Rf4 Nf3+ 27. Kg2 Nxe1+ 28. Bxe1 Qg6 29. Kf3 f5 0-1

[Event "HUN-chT2 9394"]
[Site "Hungary"]
[Date "1994.??.??"]
[Round "?"]
[White "Kustar, Sandor"]
[Black "Nemeth, Gabor"]
[Result "1-0"]
[WhiteElo "2360"]
[BlackElo "2260"]
[PlyCount "67"]
[EventDate "1993.??.??"]
[EventType "team"]
[EventRounds "13"]
[EventCountry "HUN"]
[SourceTitle "TD"]
[Source "ChessBase"]
[SourceDate "1994.03.01"]
[SourceVersion "1"]
[SourceVersionDate "1994.03.01"]
[SourceQuality "1"]

1. Nf3 d5 2. d4 Nf6 3. c4 e6 4. g3 Be7 5. Bg2 0-0 6. Qc2 c6 7. Nbd2 Re8 8. 0-0 Nbd7 9. b3 Bd6 10. Bb2 Nf8 11. Rad1 Qe7 12. e4 dxe4 13. Nxe4 Nxe4 14. Qxe4 Ng6 15. Rfe1 Bd7 16. Qc2 Rab8 17. Re2 f6 18. h4 Qf7 19. Rde1 Bb4 20. Bc3 Bxc3 21. Qxc3 Qf8 22. Nd2 e5 23. Ne4 Bg4 24. f3 Bc8 25. h5 Nh8 26. dxe5 Rxe5 27. f4 Re6 28. Qa5 Bd7 29. Qxa7 Rbe8 30. Qd4 Bc8 31. h6 Nf7 32. hxg7 Kxg7 33. Nxf6 Rxe2 34. Nxe8+ 1-0

[Event "HUN-chT2 9293"]
[Site "Hungary"]
[Date "1993.??.??"]
[Round "?"]
[White "Nemeth, Gabor"]
[Black "Egyed, Andras"]
[Result "1/2-1/2"]
[WhiteElo "2275"]
[BlackElo "2210"]
[PlyCount "187"]
[EventDate "1992.??.??"]
[EventType "team"]
[EventRounds "12"]
[EventCountry "HUN"]
[SourceTitle "TD"]
[Source "ChessBase"]
[SourceDate "1994.03.01"]
[SourceVersion "1"]
[SourceVersionDate "1994.03.01"]
[SourceQuality "1"]

1. d4 Nf6 2. Bg5 d6 3. Nc3 h6 4. Bh4 c6 5. e3 Qb6 6. Rb1 Bf5 7. Bd3 Bxd3 8. Qxd3 Nbd7 9. Nge2 d5 10. 0-0 e6 11. e4 dxe4 12. Nxe4 Nxe4 13. Qxe4 Bd6 14. f4 Kf8 15. c4 c5 16. b4 Qc6 17. Qxc6 bxc6 18. bxc5 Be7 19. Bf2 Ke8 20. Nc3 Kd8 21. Ne4 Kc7 22. f5 e5 23. d5 Bf6 24. Nd6 Rhb8 25. Nxf7 Rxb1 26. Rxb1 Rb8 27. Rxb8 Nxb8 28. h4 h5 29. Kf1 Na6 30. Bg3 cxd5 31. cxd5 Nxc5 32. Nxe5 Ne4 33. Bf4 Kd6 34. Ng4+ Kxd5 35. Nxf6+ Nxf6 36. Bg5 Ne4 37. Bf4 Nc3 38. Kf2 Ke4 39. Bc1 Kxf5 40. a3 Ke4 41. Bg5 Nb5 42. Be7 a6 43. Bf8 g6 44. Be7 Nd4 45. Bd8 Nb5 46. Be7 Nc3 47. Bd8 Nd5 48. Bg5 Nb6 49. Be7 Nc4 50. Bf8 Kf4 51. Bb4 a5 52. Bf8 a4 53. Bb4 Ke4 54. Be7 Kf4 55. Bb4 Ke4 56. Be7 Ne3 57. Bg5 Nc2 58. Be7 Nd4 59. Bd8 Kd3 60. g4 Ke4 61. gxh5 gxh5 62. Kg3 Ne2+ 63. Kf2 Nd4 64. Kg3 Nf5+ 65. Kf2 Nd4 66. Kg3 Nc6 67. Bc7 Ne7 68. Bd8 Ng6 69. Bg5 Ne5 70. Bd8 Nc4 71. Be7 Ne3 72. Kf2 Ng4+ 73. Ke2 Ne5 74. Kf2 Ng6 75. Bg5 Nf4 76. Be7 Ne6 77. Ke2 Nd4+ 78. Kf2 Kd3 79. Bd8 Kc4 80. Kg3 Kb3 81. Bf6 Ne6 82. Be7 Kc4 83. Kf3 Kd5 84. Bf6 Nc5 85. Kf4 Ke6 86. Bd8 Nb7 87. Bc7 Kd7 88. Bb8 Na5 89. Ba7 Ke6 90. Ke4 Nc4 91. Bc5 Ne5 92. Bf8 Ng6 93. Bh6 Nxh4 94. Bg5 1/2-1/2

[Event "HUN-chT2 9293"]
[Site "Hungary"]
[Date "1993.??.??"]
[Round "?"]
[White "Ruck, Robert"]
[Black "Nemeth, Gabor"]
[Result "1-0"]
[WhiteElo "2360"]
[BlackElo "2275"]
[PlyCount "49"]
[EventDate "1992.??.??"]
[EventType "team"]
[EventRounds "12"]
[EventCountry "HUN"]
[SourceTitle "TD"]
[Source "ChessBase"]
[SourceDate "1994.03.01"]
[SourceVersion "1"]
[SourceVersionDate "1994.03.01"]
[SourceQuality "1"]

1. c4 e6 2. Nf3 d5 3. b3 Be7 4. Bb2 Bf6 5. Bxf6 Qxf6 6. Nc3 c6 7. d4 Qe7 8. e4 Nd7 9. Rc1 dxe4 10. Nxe4 Ngf6 11. Nxf6+ Qxf6 12. Bd3 0-0 13. Qe2 Rd8 14. 0-0 Nf8 15. Rcd1 Ng6 16. g3 a5 17. Qe4 Qe7 18. h4 a4 19. Ng5 axb3 20. axb3 f5 21. Qe3 e5 22. dxe5 Qxe5 23. Qb6 Qf6 24. c5 Ne7 25. Qxd8+ 1-0